|
|
|
|
| LEADER |
00000nam0a2200000 4500 |
| 001 |
364518 |
| 005 |
20231102011709.0 |
| 035 |
|
|
|a (RuTPU)RU\TPU\retro\21876
|
| 090 |
|
|
|a 364518
|
| 100 |
|
|
|a 20211118d1981 km y0rusy50 ca
|
| 101 |
0 |
|
|a rus
|
| 102 |
|
|
|a RU
|
| 105 |
|
|
|a a z 001zy
|
| 200 |
1 |
|
|a Голландский натюрморт XVII века в собраниях Государственного Эрмитажа
|e альбом
|f У. Ю. Фехнер
|g Государственный Эрмитаж
|
| 210 |
|
|
|a Москва
|c Изобразительное искусство
|d 1981
|
| 215 |
|
|
|a 176 с.
|c ил.
|
| 320 |
|
|
|a Алф. указ.: с. 160
|
| 320 |
|
|
|a Каталог: с. 162-175
|
| 606 |
1 |
|
|a Живопись
|x История
|2 stltpush
|3 (RuTPU)RU\TPU\subj\73356
|9 86388
|
| 610 |
1 |
|
|a изобразительное искусство
|
| 610 |
1 |
|
|a голландская живопись
|
| 610 |
1 |
|
|a альбомы
|
| 610 |
1 |
|
|a каталоги выставки
|
| 610 |
1 |
|
|a музейные собрания
|
| 610 |
1 |
|
|a Эрмитаж
|
| 610 |
1 |
|
|a 17 век
|
| 675 |
|
|
|a 75.03
|v 4
|
| 700 |
|
1 |
|a Фехнер
|b У. Ю.
|g Елена Юльевна
|
| 712 |
0 |
2 |
|a Государственный Эрмитаж
|2 stltpush
|3 (RuTPU)RU\TPU\col\5345
|9 24087
|
| 801 |
|
1 |
|a RU
|b 63413507
|c 20211118
|
| 801 |
|
2 |
|a RU
|b 63413507
|c 20211118
|g RCR
|
| 942 |
|
|
|c BK
|